[Event "Europa tch 2011"]
[Site "Porto Carras"]
[Date "2011.11.03"]
[Round "1.1"]
[White "Svidler, Peter"]
[Black "Bologan, Viktor"]
[Result "1/2-1/2"]
[WhiteElo "2755"]
[BlackElo "2665"]
[PlyCount "90"]
[EventDate "2011.11.03"]
[EventType "team"]
[EventRounds "9"]
[EventCountry "GRE"]
[Source "lmi"]
[SourceDate "2011.11.03"]

1. e4 c6 2. d4 d5 3. e5 Bf5 4. Nf3 e6 5. Be2 Ne7 6. Nbd2 h6 7. O-O Bg6 8. c3
Nd7 9. Nb3 Nf5 10. g4 Nh4 11. Nxh4 Qxh4 12. f4 Be7 13. Bd2 Be4 14. Bf3 f5 15.
gxf5 Bxf5 16. Be1 Qh3 17. Nc1 g5 18. Bg2 Qg4 19. Ne2 Qh5 20. Ng3 Qxd1 21. Rxd1
g4 22. h3 h5 23. hxg4 hxg4 24. c4 Nb6 25. cxd5 Nxd5 26. Bd2 Rd8 27. Be4 Bxe4
28. Nxe4 Rh3 29. f5 Rh8 30. Ng3 Rh3 31. Ne4 exf5 32. Rxf5 Kd7 33. Nf2 Rh7 34.
Bg5 g3 35. Ne4 Rdh8 36. Nxg3 Rg8 37. e6+ Kxe6 38. Re1+ Kd7 39. Bxe7 Rxg3+ 40.
Kf2 Rgh3 41. Ba3 b5 42. Ree5 a5 43. Bc5 Rh2+ 44. Kf3 Rxb2 45. Rf8 Rbh2 1/2-1/2

[Event "Europa tch 2011"]
[Site "Porto Carras"]
[Date "2011.11.05"]
[Round "3.12"]
[White "Brunello, Sabino"]
[Black "Skoberne, Jure"]
[Result "1/2-1/2"]
[WhiteElo "2575"]
[BlackElo "2533"]
[PlyCount "84"]
[EventDate "2011.11.03"]
[EventType "team"]
[EventRounds "9"]
[EventCountry "GRE"]
[Source "lmi"]
[SourceDate "2011.11.03"]
[WhiteTeam "Italy"]
[BlackTeam "Slovenia"]
[WhiteTeamCountry "ITA"]
[BlackTeamCountry "SLO"]

1. c4 Nf6 2. g3 g6 3. Bg2 Bg7 4. d4 O-O 5. Nc3 d6 6. Nf3 Nbd7 7. O-O e5 8. e4
c6 9. h3 Qa5 10. Re1 exd4 11. Nxd4 Ne5 12. Bf1 Re8 13. Nb3 Qb4 14. a3 Qb6 15.
Be3 c5 16. Nd2 Nc6 17. Rb1 Qd8 18. Bg2 Be6 19. f4 h5 20. Nd5 Bd7 21. b4 b6 22.
Bf2 Nxd5 23. cxd5 Nd4 24. bxc5 bxc5 25. Nc4 Bb5 26. Rc1 Rb8 27. e5 Bxc4 28.
Rxc4 dxe5 29. fxe5 Rxe5 30. Rxc5 Rxe1+ 31. Qxe1 Rb2 32. Rc4 Ne2+ 33. Kh2 f5 34.
Bf3 Nd4 35. Bg2 Kh7 36. Qd1 Qb6 37. Rb4 Rxb4 38. axb4 Qxb4 39. g4 hxg4 40. hxg4
Nf3+ 41. Qxf3 fxg4 42. Qd3 Be5+ 1/2-1/2

[Event "Europa tch 2011"]
[Site "Porto Carras"]
[Date "2011.11.07"]
[Round "5.14"]
[White "Jovanovic, Zoran"]
[Black "Brynell, Stellan"]
[Result "1-0"]
[WhiteElo "2581"]
[BlackElo "2486"]
[PlyCount "137"]
[EventDate "2011.11.03"]
[EventType "team"]
[EventRounds "9"]
[EventCountry "GRE"]
[Source "lmi"]
[SourceDate "2011.11.03"]
[WhiteTeamCountry "ITA"]
[BlackTeamCountry "SLO"]

1. e4 e6 2. d4 d5 3. Nc3 Bb4 4. Nge2 dxe4 5. a3 Bxc3+ 6. Nxc3 Nc6 7. Bb5 Nge7
8. Bg5 f6 9. Be3 O-O 10. Qd2 a6 11. Bxc6 Nxc6 12. O-O-O b6 13. Nxe4 Bb7 14. f3
Qd7 15. Rhe1 Rad8 16. Bf2 Qf7 17. Qe2 Rd7 18. Nc3 Rfd8 19. Qxe6 Nxd4 20. Bxd4
Rxd4 21. Rxd4 Rxd4 22. Qe8+ Qxe8 23. Rxe8+ Kf7 24. Rb8 Bc6 25. Rc8 Rd7 26. Ne2
Bb5 27. Ng3 a5 28. b3 Ke6 29. c4 Bc6 30. Kc2 Re7 31. Rd8 Be8 32. Kc3 Bd7 33.
Nh5 Kd6 34. Kd2 Ke5 35. Kd3 g6 36. Ng3 f5 37. Ne2 f4 38. Nd4 c5 39. Nb5 Bxb5
40. cxb5 g5 41. Kc4 Re6 42. Rd5+ Kf6 43. Rd7 Re2 44. Rb7 Rxg2 45. Rxb6+ Ke5 46.
Rh6 g4 47. Rh5+ Kd6 48. fxg4 Rxg4 49. Rd5+ Ke6 50. Rd1 f3+ 51. Kxc5 a4 52. Rf1
Rf4 53. bxa4 Kd7 54. a5 f2 55. Kb6 Rf7 56. a6 Kc8 57. a4 Kb8 58. Kc5 Ka7 59.
Kd4 Rf4+ 60. Ke5 Rxa4 61. Rxf2 Rb4 62. Rf7+ Ka8 63. Rb7 Rh4 64. Kd5 Rxh2 65.
Kc5 Rc2+ 66. Kb6 Rc8 67. a7 h5 68. Rh7 h4 69. Ka6 1-0

[Event "Europa tch 2011"]
[Site "Porto Carras"]
[Date "2011.11.07"]
[Round "5.15"]
[White "Elsness, Frode"]
[Black "Sveshnikov, Evgeny"]
[Result "0-1"]
[WhiteElo "2506"]
[BlackElo "2514"]
[PlyCount "126"]
[EventDate "2011.11.03"]
[EventType "team"]
[EventRounds "9"]
[EventCountry "GRE"]
[Source "lmi"]
[SourceDate "2011.11.03"]
[WhiteTeamCountry "ITA"]
[BlackTeamCountry "SLO"]

1. d4 d5 2. c4 c6 3. Nf3 Nf6 4. Nc3 e6 5. Bg5 h6 6. Bh4 dxc4 7. e4 b5 8. e5 g5
9. Nxg5 hxg5 10. Bxg5 Nbd7 11. g3 Rg8 12. h4 Rxg5 13. hxg5 Nd5 14. g6 fxg6 15.
Qg4 Qe7 16. Bg2 Bb7 17. Qxg6+ Qf7 18. Qxf7+ Kxf7 19. Ne4 Be7 20. Ke2 Kg7 21.
Rh5 Nf8 22. Nc5 Bxc5 23. dxc5 c3 24. Rg5+ Kf7 25. bxc3 Nxc3+ 26. Kd2 Na4 27.
Rc1 Nh7 28. Rh5 Nf8 29. Rg5 Rd8+ 30. Ke3 Nh7 31. Rh5 Nf8 32. Be4 b4 33. Rc4 a5
34. Bc2 Nc3 35. Rf4+ Ke7 36. Rg4 Nd5+ 37. Kf3 Kd7 38. Rh8 Ne7 39. Rg7 Ba6 40.
Ba4 Bc4 41. Bb3 Bxb3 42. axb3 Ke8 43. Ke4 Rd2 44. f4 Re2+ 45. Kf3 Rb2 46. g4
Rxb3+ 47. Kf2 Rb2+ 48. Kf3 Rb1 49. f5 exf5 50. gxf5 Rf1+ 51. Ke4 b3 52. f6 Neg6
53. Rh2 Re1+ 54. Kd3 a4 55. Ra7 Nxe5+ 56. Kc3 Rc1+ 57. Kb4 b2 58. f7+ Kd8 59.
Rxb2 Nd3+ 60. Ka3 Nxb2 61. Kxb2 Rxc5 62. Ka3 Rf5 63. Kxa4 Nd7 0-1

[Event "Europa tch 2011"]
[Site "Porto Carras"]
[Date "2011.11.09"]
[Round "7.16"]
[White "Georgiev, Vladimir"]
[Black "Miezis, Normunds"]
[Result "1/2-1/2"]
[WhiteElo "2553"]
[BlackElo "2547"]
[PlyCount "79"]
[EventDate "2011.11.03"]
[EventType "team"]
[EventRounds "9"]
[EventCountry "GRE"]
[Source "lmi"]
[SourceDate "2011.11.03"]
[WhiteTeamCountry "ITA"]
[BlackTeamCountry "SLO"]

1. d4 Nf6 2. c4 e6 3. Nc3 Bb4 4. e3 c5 5. Bd3 Nc6 6. Nge2 cxd4 7. exd4 d5 8.
cxd5 Nxd5 9. O-O Bd6 10. Nxd5 exd5 11. Nf4 O-O 12. Be3 Bxf4 13. Bxf4 Qf6 14.
Qh5 g6 15. Qh6 Re8 16. Rad1 Bg4 17. Rd2 Bd7 18. Bb5 Qe6 19. h4 f6 20. Bg3 Qf7
21. Rc1 Rac8 22. Rc3 a6 23. Ba4 b5 24. Bb3 Na5 25. Rc5 Nc4 26. Bxc4 bxc4 27.
Qf4 Qe6 28. Kh2 Kg7 29. f3 h6 30. Rd1 g5 31. Qd2 Qf5 32. Re1 Rxe1 33. Rxc8 Bxc8
34. Qxe1 Qe6 35. Qa5 Bd7 36. Qd8 Be8 37. Qa8 Kg6 38. Qb7 Bd7 39. a3 Kh5 40.
hxg5 1/2-1/2

[Event "Europa tch 2011"]
[Site "Porto Carras"]
[Date "2011.11.10"]
[Round "8.9"]
[White "Illescas Cordoba, Miguel"]
[Black "Neiksans, Arturs"]
[Result "1-0"]
[WhiteElo "2609"]
[BlackElo "2502"]
[PlyCount "105"]
[EventDate "2011.11.03"]
[EventType "team"]
[EventRounds "9"]
[EventCountry "GRE"]
[Source "lmi"]
[SourceDate "2011.11.03"]
[WhiteTeamCountry "ITA"]
[BlackTeamCountry "SLO"]

1. d4 f5 2. c4 Nf6 3. Nc3 e6 4. Qc2 Bb4 5. e3 b6 6. Bd3 Bb7 7. f3 O-O 8. Nge2
Qe7 9. O-O Bxc3 10. Nxc3 d6 11. b3 c5 12. d5 exd5 13. cxd5 Na6 14. Qd2 Nd7 15.
Bb2 Nc7 16. Rad1 Ba6 17. Bxa6 Nxa6 18. e4 Nc7 19. Rfe1 Qf7 20. exf5 Qxf5 21.
Ne4 Qg6 22. Qg5 Qxg5 23. Nxg5 Rf5 24. Re7 Rxg5 25. Rxd7 Nxd5 26. h4 Rxg2+ 27.
Kxg2 Ne3+ 28. Kg3 Nxd1 29. Rxg7+ Kf8 30. Rxh7 Re8 31. Bf6 Re6 32. Bg5 d5 33. h5
d4 34. h6 Ne3 35. Kf4 Kg8 36. Rxa7 Rd6 37. Ra8+ Kh7 38. Ra7+ Kg8 39. Ke4 Re6+
40. Kd3 Nf5 41. h7+ Kh8 42. Rf7 Ng7 43. Bf6 Kxh7 44. Bxg7 Kg8 45. Rb7 Re3+ 46.
Kc4 Rxf3 47. Be5 Rc3+ 48. Kd5 Rc2 49. a4 d3 50. Ke6 c4 51. bxc4 Rxc4 52. Rb8+
Kh7 53. Kf5 1-0

[Event "Europa tch 2011"]
[Site "Porto Carras"]
[Date "2011.11.10"]
[Round "8.15"]
[White "Karttunen, Mika"]
[Black "Pert, Nicholas"]
[Result "0-1"]
[WhiteElo "2434"]
[BlackElo "2563"]
[PlyCount "66"]
[EventDate "2011.11.03"]
[EventType "team"]
[EventRounds "9"]
[EventCountry "GRE"]
[Source "lmi"]
[SourceDate "2011.11.03"]
[WhiteTeamCountry "ITA"]
[BlackTeamCountry "SLO"]

1. e4 e6 2. d4 d5 3. Nc3 Bb4 4. exd5 exd5 5. Qf3 Nc6 6. Bb5 Nge7 7. a3 Bd6 8.
Be3 a6 9. Bd3 Be6 10. Nge2 Ng6 11. g3 Nce7 12. h4 h5 13. Bf4 Nxf4 14. Nxf4 Bg4
15. Qe3 c6 16. f3 Bd7 17. O-O-O Qc7 18. Nfxd5 cxd5 19. Nxd5 Qd8 20. Rde1 Kf8
21. Nc3 Nf5 22. Bxf5 Bxf5 23. g4 Bg6 24. Ne4 Rc8 25. c3 Qc7 26. Nxd6 Qxd6 27.
Re2 Qf6 28. g5 Qf5 29. Qe7+ Kg8 30. Qxb7 Kh7 31. Qe4 Qb5 32. Qe5 Qd3 33. Rd1
Rxc3+ 0-1

[Event "Europa tch 2011"]
[Site "Porto Carras"]
[Date "2011.11.10"]
[Round "8.19"]
[White "Aristotelous, Vassilis"]
[Black "Muir, Andrew J"]
[Result "0-1"]
[WhiteElo "1921"]
[BlackElo "2311"]
[PlyCount "90"]
[EventDate "2011.11.03"]
[EventType "team"]
[EventRounds "9"]
[EventCountry "GRE"]
[Source "lmi"]
[SourceDate "2011.11.03"]
[WhiteTeamCountry "ITA"]
[BlackTeamCountry "SLO"]

1. e4 c5 2. Nc3 Nc6 3. f4 e6 4. Nf3 d5 5. Bb5 Nge7 6. exd5 exd5 7. Qe2 g6 8.
Qe5 Rg8 9. O-O Bg7 10. Qe2 Bg4 11. h3 Bxf3 12. Qxf3 Qd6 13. d3 O-O-O 14. Bxc6
Nxc6 15. Nb5 Qd7 16. f5 Be5 17. Bf4 f6 18. fxg6 Rxg6 19. Bxe5 fxe5 20. Qf5 Qxf5
21. Rxf5 a6 22. Nc3 Nd4 23. Rh5 Rg3 24. Rf1 Nxc2 25. Rf3 Rxf3 26. gxf3 Ne1 27.
Rxh7 b5 28. h4 Nxd3 29. Nd1 Rf8 30. h5 Rxf3 31. Kg2 e4 32. h6 Nf4+ 33. Kg1 e3
34. Re7 e2 35. Nf2 Nh3+ 36. Kg2 Rxf2+ 37. Kxh3 Rf6 38. h7 Rh6+ 39. Kg4 Rxh7 40.
Rxe2 Kd7 41. Re5 Kd6 42. Rg5 Re7 43. Kf3 d4 44. Rg6+ Re6 45. Rg8 c4 0-1

[Event "Europa tch 2011"]
[Site "Porto Carras"]
[Date "2011.11.11"]
[Round "9.6"]
[White "Istratescu, Andrei"]
[Black "Salgado Lopez, Ivan"]
[Result "1/2-1/2"]
[WhiteElo "2627"]
[BlackElo "2621"]
[PlyCount "68"]
[EventDate "2011.11.03"]
[EventType "team"]
[EventRounds "9"]
[EventCountry "GRE"]
[Source "lmi"]
[SourceDate "2011.11.03"]
[WhiteTeam "France"]
[BlackTeam "Espana"]
[WhiteTeamCountry "FRA"]
[BlackTeamCountry "ESP"]

1. e4 c5 2. Nf3 d6 3. d4 cxd4 4. Nxd4 Nf6 5. Nc3 a6 6. Bg5 e6 7. f4 Be7 8. Qf3
Qc7 9. O-O-O Nbd7 10. g4 b5 11. Bxf6 Nxf6 12. g5 Nd7 13. f5 O-O 14. fxe6 fxe6
15. Nxe6 Rxf3 16. Nxc7 Bxg5+ 17. Kb1 Rb8 18. h4 Bf6 19. N3d5 Bb7 20. Bh3 Nc5
21. h5 Bxd5 22. Nxd5 Re8 23. h6 g6 24. Bg2 Rf2 25. Rhf1 Rxf1 26. Rxf1 Bd8 27.
c3 Nxe4 28. Bxe4 Rxe4 29. Nf6+ Bxf6 30. Rxf6 g5 31. Rxd6 Kf7 32. Kc2 Re2+ 33.
Kd3 Rxb2 34. Rxa6 g4 1/2-1/2

[Event "Europa tch 2011"]
[Site "Porto Carras"]
[Date "2011.11.11"]
[Round "9.10"]
[White "Roiz, Michael"]
[Black "Korchnoi, Viktor"]
[Result "1/2-1/2"]
[WhiteElo "2651"]
[BlackElo "2567"]
[PlyCount "103"]
[EventDate "2011.11.03"]
[EventType "team"]
[EventRounds "9"]
[EventCountry "GRE"]
[Source "lmi"]
[SourceDate "2011.11.03"]
[WhiteTeam "Israel"]
[BlackTeam "Switzerland"]
[WhiteTeamCountry "ISR"]
[BlackTeamCountry "SUI"]

1. d4 Nf6 2. c4 e6 3. Nf3 Bb4+ 4. Nbd2 b6 5. a3 Bxd2+ 6. Qxd2 Bb7 7. e3 a5 8.
b3 d6 9. Bb2 Nbd7 10. Be2 O-O 11. O-O Qe7 12. Rad1 Rfd8 13. Qc3 d5 14. cxd5
Nxd5 15. Qc2 c5 16. Bc4 N5f6 17. Qe2 a4 18. dxc5 bxc5 19. bxa4 Rxa4 20. Bb5 Ra5
21. a4 Bd5 22. Nd2 Raa8 23. e4 Bb7 24. Bc3 Nb8 25. a5 Ba6 26. Bxa6 Nxa6 27. Nc4
Nb4 28. f3 Ne8 29. Rxd8 Rxd8 30. Rd1 Nc7 31. Rxd8+ Qxd8 32. Qd2 Qxd2 33. Bxd2
Nba6 34. Kf2 f6 35. Ke2 Kf7 36. Kd3 Ke7 37. e5 Kd7 38. exf6 gxf6 39. g4 Kc6 40.
f4 Nb4+ 41. Ke2 Kb5 42. Nd6+ Kxa5 43. Ne4 f5 44. Nxc5 fxg4 45. Nd3 Ncd5 46. Kf2
Kb5 47. Nxb4 Nxb4 48. Bxb4 Kxb4 49. Kg3 Kc5 50. Kxg4 Kd6 51. Kg5 e5 52. fxe5+
1/2-1/2

[Event "Europa tch 2011"]
[Site "Porto Carras"]
[Date "2011.11.11"]
[Round "9.11"]
[White "Mchedlishvili, Mikheil"]
[Black "Carlsson, Pontus"]
[Result "1/2-1/2"]
[WhiteElo "2636"]
[BlackElo "2502"]
[PlyCount "111"]
[EventDate "2011.11.03"]
[EventType "team"]
[EventRounds "9"]
[EventCountry "GRE"]
[Source "lmi"]
[SourceDate "2011.11.03"]
[WhiteTeam "Georgia"]
[BlackTeam "Sweden"]
[WhiteTeamCountry "GEO"]
[BlackTeamCountry "SWE"]

1. d4 Nf6 2. c4 e6 3. Nf3 b6 4. a3 Ba6 5. Qc2 Bb7 6. Bf4 Nh5 7. Bd2 Nf6 8. Nc3
d5 9. cxd5 exd5 10. Bf4 a6 11. e3 Bd6 12. Bg5 Nbd7 13. Bd3 h6 14. Bh4 Be7 15.
O-O O-O 16. Bf5 Re8 17. Rac1 g6 18. Bxg6 fxg6 19. Qxg6+ Kh8 20. Qxh6+ Nh7 21.
Ne2 Bxh4 22. Nxh4 Ndf8 23. Nf4 Rc8 24. Nf3 Qd6 25. Qh5 Re7 26. Ne5 Kg8 27. Ng4
Kh8 28. Rc3 c5 29. Ne5 Kg8 30. Rfc1 c4 31. e4 Rg7 32. Qh4 Qf6 33. Qxf6 Nxf6 34.
exd5 Nxd5 35. Nxd5 Bxd5 36. g3 Ne6 37. Nxc4 Nxd4 38. Kf1 Be6 39. Ne3 Rd8 40.
Rd1 Bh3+ 41. Ke1 Re7 42. Rdc1 Nf3+ 43. Ke2 Nd4+ 44. Ke1 Nf3+ 45. Ke2 Rf7 46.
Rd1 Nd4+ 47. Ke1 Nf3+ 48. Ke2 Nd4+ 49. Ke1 Re7 50. Rdc1 Bg4 51. h4 Nf3+ 52. Kf1
Bh3+ 53. Ke2 Nd4+ 54. Ke1 Nf3+ 55. Ke2 Nd4+ 56. Ke1 1/2-1/2

[Event "Europa tch 2011"]
[Site "Porto Carras"]
[Date "2011.11.11"]
[Round "9.15"]
[White "Yilmaz, Mustafa"]
[Black "Lie, Kjetil A"]
[Result "1-0"]
[WhiteElo "2515"]
[BlackElo "2560"]
[PlyCount "149"]
[EventDate "2011.11.03"]
[EventType "team"]
[EventRounds "9"]
[EventCountry "GRE"]
[Source "lmi"]
[SourceDate "2011.11.03"]
[WhiteTeam "Turkey"]
[BlackTeam "Norway"]
[WhiteTeamCountry "TUR"]
[BlackTeamCountry "NOR"]

1. d4 Nf6 2. Nf3 e6 3. c4 c5 4. d5 exd5 5. cxd5 d6 6. Nc3 g6 7. h3 Bg7 8. e4
O-O 9. Bd3 Nbd7 10. O-O Nh5 11. Bg5 Bf6 12. Be3 Ne5 13. Be2 Nxf3+ 14. Bxf3 Ng7
15. Bf4 Bg5 16. Bh2 Bf6 17. Qd2 Re8 18. a4 Be5 19. Bxe5 Rxe5 20. Rfb1 a5 21.
Nb5 b6 22. Re1 Ba6 23. Nc3 Qh4 24. Re3 Rae8 25. Rae1 g5 26. Bg4 Qh6 27. Be2 Bc8
28. Bg4 Ba6 29. Be2 Bc8 30. Bd1 Qf6 31. Nb5 Qg6 32. Bf3 h5 33. g4 hxg4 34. hxg4
Qf6 35. Na3 Qf4 36. Nc4 Bxg4 37. Nxe5 Rxe5 38. Bxg4 Qxg4+ 39. Rg3 Qh4 40. Ree3
Nh5 41. Rg2 Nf4 42. Rh2 Qg4+ 43. Kh1 Ng6 44. Rg2 Qd7 45. Qd1 f6 46. Rh2 Nf4 47.
f3 Re7 48. Rc3 Rh7 49. Rcc2 Rh3 50. b3 Rxh2+ 51. Rxh2 b5 52. Qe1 b4 53. Qf1 Qe7
54. Qa6 Ng6 55. Qc8+ Kg7 56. Qh3 Nh4 57. Qe6 Qxe6 58. dxe6 Kf8 59. f4 Ke7 60.
f5 Nf3 61. Rh7+ Ke8 62. Rh8+ Ke7 63. Rh7+ Ke8 64. Rd7 Ne5 65. Rxd6 c4 66. bxc4
Nxc4 67. Rc6 Nd2 68. e5 Ne4 69. Rc4 Ng3+ 70. Kh2 Nh5 71. Rc8+ Ke7 72. Rc7+ Kd8
73. Rh7 b3 74. e7+ Kd7 75. e6+ 1-0

[Event "Europa tch 2011"]
[Site "Porto Carras"]
[Date "2011.11.11"]
[Round "9.16"]
[White "Mitchell, Martin"]
[Black "Olafsson, Helgi"]
[Result "0-1"]
[WhiteElo "2215"]
[BlackElo "2531"]
[PlyCount "74"]
[EventDate "2011.11.03"]
[EventType "team"]
[EventRounds "9"]
[EventCountry "GRE"]
[Source "lmi"]
[SourceDate "2011.11.03"]
[WhiteTeam "Scotland"]
[BlackTeam "Iceland"]
[WhiteTeamCountry "SCO"]
[BlackTeamCountry "ISL"]

1. d4 Nf6 2. c4 e6 3. Nc3 Bb4 4. e3 O-O 5. Nge2 d5 6. a3 Be7 7. cxd5 exd5 8. b4
c6 9. Ng3 Re8 10. Bd3 b5 11. O-O a5 12. bxa5 Rxa5 13. Bb2 Nbd7 14. e4 dxe4 15.
Ncxe4 Bf8 16. Qc2 Bb7 17. Nc5 Bc8 18. Rad1 Ra7 19. Nce4 Rc7 20. Ng5 g6 21. a4
Nd5 22. h4 N7b6 23. axb5 cxb5 24. Qb3 b4 25. Rfe1 Bd7 26. Be4 Ba4 27. Qa2 Bxd1
28. Rxd1 Bg7 29. Qb3 Bf6 30. Nf3 Qd6 31. Bb1 Nc3 32. Bxc3 Rxc3 33. Qa2 Ra3 34.
Qc2 Rc8 35. Qe2 Nd5 36. Ne4 Qf4 37. Nc5 Nc3 0-1

[Event "Europa tch 2011"]
[Site "Porto Carras"]
[Date "2011.11.11"]
[Round "9.18"]
[White "Sammalvuo, Tapani"]
[Black "Berend, Fred"]
[Result "1-0"]
[WhiteElo "2492"]
[BlackElo "2381"]
[PlyCount "57"]
[EventDate "2011.11.03"]
[EventType "team"]
[EventRounds "9"]
[EventCountry "GRE"]
[Source "lmi"]
[SourceDate "2011.11.03"]
[WhiteTeam "Finland"]
[BlackTeam "Luxembourg"]
[WhiteTeamCountry "FIN"]
[BlackTeamCountry "LUX"]

1. d4 Nf6 2. c4 e6 3. g3 d5 4. Bg2 Nc6 5. Nf3 dxc4 6. Qa4 Bb4+ 7. Bd2 Nd5 8.
Bxb4 Ndxb4 9. Na3 Rb8 10. Qb5 O-O 11. O-O b6 12. Qxc4 Ba6 13. Nb5 Qd5 14. Qxd5
Nxd5 15. a4 Na5 16. Ne5 Rbd8 17. Nxa7 Nb4 18. Rac1 Rxd4 19. Rxc7 Bxe2 20. Re1
Bh5 21. Nc8 f6 22. Ne7+ Kh8 23. Nd7 Re8 24. Nxb6 Nd3 25. Re4 e5 26. Nf5 Rxe4
27. Bxe4 Nxb2 28. Nxg7 Rb8 29. Nxh5 1-0